zpět

Detail výsledku týmu

Trojka, Brno

Datum a čas kvízu

23 Celkem bodů Celkový počet nahraných bodů na tomto kvízu bez doplňovacích otázek.
7. Pořadí na kvízu Konečné umístění týmu na tomto kvízu.

Zaznamenané odpovědi

# Otázka Odpověď Body Výsledky
1. Ve středu ve 12 hodin jsme se... zkouška sirén 1
2. Pouze pět států na středečním... Severní Korea (KLDR) 0
3. Kolik sošek Českého lva získal... osm ocenění (sedm či devět za půl bodu) 0
4. Jak se jmenuje muž na fotograf... Tomáš Čupr 0
5. V hokejové soutěži AHL 21letý... je to brankář (gól vstřelil přes celé kluziště) 0
6. Arthur Conan Doyle ve svých ro... Enola 1
7. Detektivce Chloe Deckerové sto... Lucifer 1
8. Americký spisovatel Jeffery De... A) je ochrnutý 0
9. Přiřaďte následující spisovate... 1A 2B 3C 4D 0
10. Seriál Devadesátky se setkal s... C) Ivan Pauřík 1